000 00542nam a2200229Ia 4500
003 OSt
005 20220918192547.0
006 a|||||r|||| 00| 0
007 ta
008 220917b |||||||| |||| 00| 0 eng d
024 _a69,009
037 _cTextual
040 _aARTS
_cARTS
_beng
041 _2eng
_aeng
082 _aR3:Q, J71
100 _aTillich Paul
_913486
245 0 _aCourage to be
260 _c1957
490 _aTerry lectures
942 _hR3:Q, J71
_cTEXL
_2CC
999 _c195172
_d195172